[Event "Gausdal Troll Masters"]
[Site "Gausdal, Norway"]
[Date "2003.01.11"]
[Round "6"]
[White "Lahlum, Ida"]
[Black "Korhonen, Pasi"]
[Result "0-1"]
[WhiteElo "1438"]
[BlackElo "2115"]
[PlyCount "50"]
[EventDate "2003.01.??"]
[Source "EeEk"]
[SourceDate "2003.01.08"]

1. d4 Nf6 2. c4 e6 3. Nc3 b6 4. Nf3 Bb7 5. a3 Be7 6. Bf4 O-O 7. e3 Nh5 8. Bg3
d6 9. Bd3 g6 10. Qd2 f5 11. h4 Bf6 12. O-O-O Nd7 13. e4 f4 14. Bxf4 Nxf4 15.
Qxf4 Bxd4 16. Qg3 Bxc3 17. bxc3 Qf6 18. Kc2 Qf4 19. Qh3 Nc5 20. Ng5 Rae8 21. h5
Qxg5 22. hxg6 Rxf2+ 23. Kb1 Qxg6 24. Qe3 Qg3 25. Rh6 Qxg2 0-1

[Event "Gausdal Troll Masters"]
[Site "Gausdal, Norway"]
[Date "2003.01.11"]
[Round "6"]
[White "Bryn, Steinar"]
[Black "Saulnier, Jean"]
[Result "1/2-1/2"]
[WhiteElo "1561"]
[BlackElo "1880"]
[PlyCount "27"]
[EventDate "2003.01.??"]
[Source "EeEk"]
[SourceDate "2003.01.08"]

1. e4 d5 2. exd5 Nf6 3. Nc3 Nxd5 4. Qf3 c6 5. Nxd5 cxd5 6. d4 e6 7. c3 Bd6 8.
Bd3 Qc7 9. Ne2 Nd7 10. h3 h6 11. O-O Nf6 12. Ng3 Bd7 13. Be3 Bc6 14. Rfe1
1/2-1/2